Album Covers by Letter - Y - Statistics

General Stats
  • This quiz has been taken 60 times
  • The average score is 5 of 16
Answer Stats
Picture Answer % Correct
Yellow Submarine - The Beatles
85%
Yeezus - Kanye West
64%
You Are What You Is - Frank Zappa
58%
Yankee Hotel Foxtrot - Wilco
35%
Yoshimi Battles the Pink Robots - The Flaming Lips
35%
Yield - Pearl Jam
33%
Ys - Joanna Newsom
31%
The Yes Album - Yes
27%
You Could Have It So Much Better - Franz Ferdinand
27%
Youthanasia - Megadeth
16%
Year Zero - Nine Inch Nails
13%
Yo! Bum Rush the Show - Public Enemy
13%
The Young and the Hopeless - Good Charlotte
11%
Your Favorite Weapon - Brand New
7%
Youth & Young Manhood - Kings of Leon
7%
Year of the Cat - Al Stewart
5%
No matching quizzes found
Score Distribution
Percent of People with Each Score
Percentile by Number Answered
Your Score History
You have not taken this quiz